=LDR 00000nam 2200000 4500 =001 INLIS000000000810453 =005 20260202104622 =035 ##$$a 0010-1225000091 =007 ta =008 260202###########################0#ara## =082 ##$$a 297.072 =084 ##$$a 297.072 HAQ m =100 #$$a Rassya Haqqi Firas =245 1#$$a Nawaqid Ashiyam /$c Ustadz Izzuddin Farist Junaedi, M.A =260 ##$:$b PIAT 7,$c 2025 =300 ##$$a 16 hlm ; $c 21 x 29,7 cm. =505 ##$$a Fiqh Shaum / Puasa dalam Islam =520 ##$$a Makalah Santri Tugas Bahz Kelas 12 =990 ##$$a 00000005214